00932nam a22001817a 4500003000500000082000800005100003000013245019900043264003900242300002900281520016900310650004500479700004400524856005700568942001300625999001900638952009300657NUST a621 a Zeeshan, Muhammad918618 aEffects of Viscous Dissipation and General Surface Temperature on Flow and Heat Transfer in a Thin Liquid Film on an Unsteady Stretching Sheet using Homotopy Analysis Method /cMuhammad Zeeshan  aIslamabad :b SMME- NUST; c2023.  a76p. ;bSoft Copyc30cm. aThe lie symmetry approach is used to investigate effects on various dissipation on flow and heat transmission in a thin liquid layer on unstable stretched sheet.... aMS Mechanical Engineering 9119495 aSupervisor : Dr Muhammad Safdar9119644 uhttp://10.250.8.41:8080/xmlui/handle/123456789/34375 2ddccTHE c607343d607343 00104070aSMMEbSMMEcEBd2023-12-13l0o621pSMME-TH-867r2023-12-13w2023-12-13yTHE